Spätná väzba môže zmeniť vašu kariéru

Dôležitosť spätnej väzby a ako môže spätná väzba ovplyvniť vzťahy, prácu, či chod firmy. Zásady dávania spätnej väzby a ako čo najviac vyťažiť z negatívnej spätnej väzby.

Saved in:
Bibliographic Details
Main Author: Kováčová, Petra
Format: Book Chapter
Language:Slovak
Subjects:
Tags: Add Tag
No Tags, Be the first to tag this record!

MARC

LEADER 00000naa a2200000 4500
001 0200348
005 20230912114148.0
041 0 |a slo 
044 |a SK 
245 1 0 |a Spätná väzba môže zmeniť vašu kariéru  |c Petra Kováčová 
520 |a Dôležitosť spätnej väzby a ako môže spätná väzba ovplyvniť vzťahy, prácu, či chod firmy. Zásady dávania spätnej väzby a ako čo najviac vyťažiť z negatívnej spätnej väzby. 
610 2 0 |a komunikácia interpersonálna 
610 2 0 |a vzťahy medziľudské 
610 2 0 |a kariéra 
610 2 0 |a motivácia 
610 2 0 |a stimuly 
610 2 0 |a spokojnosť v práci 
610 2 0 |a väzba spätná 
100 1 |a Kováčová, Petra